Normal view
MARC view
- العدة- احوال شخصية- طلاق- زواج- فقه اسلامي
Entry Topical Term
001 - CONTROL NUMBER
- control field: 15281
003 - CONTROL NUMBER IDENTIFIER
- control field: JO-AjAnu
005 - DATE AND TIME OF LATEST TRANSACTION
- control field: 20230606072734.0
008 - FIXED-LENGTH DATA ELEMENTS
- fixed length control field: 230606|| aca||aabn | a|a d
040 ## - CATALOGING SOURCE
- Original cataloging agency: JO-AjAnu
- Transcribing agency: JO-AjAnu
150 ## - HEADING--TOPICAL TERM
- Topical term or geographic name entry element: العدة- احوال شخصية- طلاق- زواج- فقه اسلامي
670 ## - SOURCE DATA FOUND
- Source citation: Work cat.: (JO-AjAnu)7845: زيدان، عبد الكريم, author 15280, العدة